000 01422 a2200277 4500
003 Nust
005 20230608084123.0
010 _a 00102152
020 _a0764534513 (alk. paper)
040 _cNust
082 0 0 _a005.72,MAR
100 1 _aMaran, Ruth,
_994407
245 1 0 _aTeach yourself Front Page 2000 visually /
_cRuth Maran.
260 _aFoster City, CA :
_bIDG Books Worldwide,
_cc2000.
300 _a303 p. :
_bcol. ill. ;
_c23 cm.
440 0 _aIDG's 3-D visual series
_997451
490 1 _aRead less, learn more
505 _aGetting Started (Page-1), Frontpage Basics (Page-19), Work with Web Pages (Page-35), Edit Text (Page-53), Format Web Pages (Page-71), Add Images (Page-115), Create Links (Page-131), Create Tables (Page-151), Work with Navigational Structure (Page-175), Create Frames (Page-187), Create Forms (Page-211), Add Web Page Effects (Page-239), Manage Web Pages (Page-267), Publish Web Pages (Page-279).
650 0 _aWeb sites
_xAuthoring programs
_997452
650 0 _aWeb sites
_xDesign
_918036
830 0 _aVisual read less, learn more.
_9113069
856 4 2 _3Contributor biographical information
_uhttp://www.loc.gov/catdir/enhancements/fy0705/00102152-b.html
856 4 2 _3Publisher description
_uhttp://www.loc.gov/catdir/description/wiley038/00102152.html
856 4 2 _3Table of contents
_uhttp://www.loc.gov/catdir/toc/wiley021/00102152.html
942 _2ddc
_cBK
_k005.72,MAR
999 _c176394
_d176394